Pokémon dessinés de mémoire - Statistiques

Statistiques générales
  • Ce quiz a été pris 920 fois
  • Le résultat moyen est 12 sur 16
Statistiques - réponses
Par images Réponse % Correct
Mackogneur
93%
Osselait
91%
Mélo
84%
Barpau
83%
Hyporoi
83%
Laporeille
83%
Grenousse
81%
Rhinocorne
79%
Grodrive
77%
Sorbébé
76%
Loupio
71%
Séviper
71%
Hippopotas
63%
Magearna
55%
Sidérella
49%
Verpom
49%
Aucun quiz correspondant
Distribution des résultats
% des personnes avec chaque résultat
Percentile par nombre de réponses
Votre historique - résultats
Vous n’avez pas pris ce quiz